| 000 | 01004nam0a22002651 4500 | ||
|---|---|---|---|
| 001 | RU\NLR\A1SV\72762 | ||
| 005 | 20251203171251.9 | ||
| 035 | _a(NLR Aleph) 009754285 | ||
| 090 |
_a9993205 _c9993205 |
||
| 100 | _a20061002d1921 u y0rusy50 ca | ||
| 101 | 0 | _arus | |
| 102 | _aRU | ||
| 200 | 1 | _aФинансовая политика Советского правительства | |
| 210 |
_aПенза _cГосиздат. Пензенское отд-ние _d1921 |
||
| 215 | _a40 с. | ||
| 620 | _dПенза | ||
| 700 | 1 |
_aКрестинский _bН.Н. _f1883-1938 _gНиколай Николаевич |
|
| 701 | 1 |
_aПреображенский _bЕ.А. _f1886-1937 _gЕвгений Алексеевич |
|
| 801 | 0 |
_aRU _bNLR _c20061002 |
|
| 899 |
_aПечать и революция. М., 1922. Кн.2 _z(5). Апр.-июнь. С.236 |
||
| 899 |
_aПечать и революция. М., 1922. Кн.2 _z(5). Апр.-июнь. С.236 |
||
| 942 | _cBOOK | ||
| 980 | _aNB | ||
| 980 | _aA1SV | ||